• 首页
  • 本馆介绍
  • 公告通知
  • 最新文献
  • 馆藏检索
  • 电子资源
  • 读者导购
  • 参考咨询
  • 我的图书馆
  • 登录
  • 详细信息显示
  • 放入我的书架
  • 预约/预借图书
  • 作者相关作品
  • 分类相关作品
  • 丛书相关作品
  • 出版社相关作品

书目信息

  • 表格格式
  • 工作单格式
  • 卡片格式
题名:
新编实用化工产品配方与制备
    
 
作者: 李东光 主编
分册:   化妆品分册
出版信息: 北京   中国纺织出版社有限公司  2020.05
页数: 238页
开本: 21cm
丛书名:
单 册:
中图分类: TQ062 , TQ658
科图分类:
主题词: 化工产品--hua gong chan pin--配方 , 化工产品--hua gong chan pin--制备 , 化妆品--hua zhuang pin--配方 , 化妆品--hua zhuang pin--制备
电子资源:
ISBN: 978-7-5180-6617-9
000 01094nam0 2200289 450
001 0109110251
005 20201109110341.0
010    @a978-7-5180-6617-9@dCNY88.00
100    @a20200911d2020 em y0chiy50 ea
101 0  @achi
102    @aCN@b110000
105    @ak z 000yy
106    @ar
200 1  @a新编实用化工产品配方与制备@Axin bian shi yong hua gong chan pin pei fang yu zhi bei@i化妆品分册@f李东光主编
210    @a北京@c中国纺织出版社有限公司@d2020.05
215    @a238页@d21cm
330    @a本书收集了与国民经济和人民生活密切相关的、具有代表性的实用化妆品产品,内容涉及美容化妆品、润肤化妆品、眼部化妆品、疗效化妆品、美发化妆品、护发化妆品等方面,以满足不同领域和层面使用者的需要。
517 1  @a化妆品分册@Ahua zhuang pin fen ce
606 0  @a化工产品@Ahua gong chan pin@x配方
606 0  @a化工产品@Ahua gong chan pin@x制备
606 0  @a化妆品@Ahua zhuang pin@x配方
606 0  @a化妆品@Ahua zhuang pin@x制备
690    @aTQ062@v5
690    @aTQ658@v5
701  0 @a李东光@Ali dong guang@4主编
801  0 @aCN@bBJSZM@c20201103
905    @b1242235-8@dTQ062@e564@f4
    
    新编实用化工产品配方与制备.化妆品分册/李东光主编.-北京:中国纺织出版社有限公司,2020.05
    238页;21cm
    
    
    ISBN 978-7-5180-6617-9:CNY88.00
    本书收集了与国民经济和人民生活密切相关的、具有代表性的实用化妆品产品,内容涉及美容化妆品、润肤化妆品、眼部化妆品、疗效化妆品、美发化妆品、护发化妆品等方面,以满足不同领域和层面使用者的需要。
●
相关链接 在E读中查询图书 在五车中查询图书 在当当中查询图书 在豆瓣中查询图书


正题名:新编实用化工产品配方与制备     索取号:TQ062/564         预约/预借

序号 登录号 条形码 馆藏地/架位号 状态 备注
1 1242235   212422350   第二样本阅览室/ [索取号:TQ062/564] 在馆    
2 1242236   212422369   第三借阅区/ [索取号:TQ062/564] 在馆    
3 1242237   212422378   第三借阅区/ [索取号:TQ062/564] 在馆    
4 1242238   212422387   第三借阅区/ [索取号:TQ062/564] 在馆    
唐山师范学院图书馆 欢迎您!
大连网信软件有限公司© 版权所有